[Event "EU-ch 2nd"]
[Site "Ohrid"]
[Date "2001.06.05"]
[Round "5"]
[White "Shulman, Yuri"]
[Black "Rublevsky, Sergei"]
[Result "1/2-1/2"]
[WhiteElo "2551"]
[BlackElo "2657"]
[Annotator "Huzman,A"]
[PlyCount "47"]
[EventDate "2001.06.01"]
[EventType "swiss"]
[EventRounds "13"]
[EventCountry "YUG"]
[SourceTitle "CBM 084"]
[Source "ChessBase"]
[SourceDate "2001.09.13"]
[SourceVersion "1"]
[SourceVersionDate "2001.09.13"]
[SourceQuality "1"]

1. d4 d5 2. c4 dxc4 3. Nf3 e6 4. e3 c5 5. Bxc4 a6 6. O-O Nf6 7. e4 b5 8. Bd3
Bb7 9. Bg5 Be7 (9... cxd4 10. a4 bxa4 11. Rxa4 Be7 12. Rxd4 Nfd7 13. Qb3 Qb6
14. Qc3 f6 15. Be3 Bc5 16. Rc1 O-O 17. Bc4 Kh8 18. Rdd1 Bxe4 19. Nbd2 Bxe3 $5
20. Qxe3 Bd5 21. Bxd5 Qxe3 22. fxe3 exd5 23. Nb1 $11 {1/2-1/2 Shulman,
Y-Sherbakov,R/Kakhovka 1997 (37)}) (9... h6 10. Bxf6 Qxf6 11. a4 cxd4 12. axb5
a5 13. b6 Bc5 14. Qa4+ Ke7 15. Nbd2 Nd7 16. Nb3 e5 17. Nxa5 Qxb6 18. Bb5 Nf6
19. Nxe5 $16 {Rustemov,A - Dolgov,A/Moscow (ch) 1997 (27)}) 10. Bxf6 (10. a4 c4
11. Bxf6 Bxf6 12. Bc2 O-O $15 {1/2-1/2 Akesson,R-Svensson,B/Gothenburg 1998/
CBM 63/[Huzman] (66)}) (10. dxc5 Bxe4 11. Bxf6 Qxd3 12. Bxe7 Kxe7 13. Nbd2 Bxf3
14. Nxf3 Qxd1 15. Rfxd1 Rc8 16. Rac1 Nc6 $11 {1/2-1/2 Shulman,Yuri-Vaulin,
Alexander/Minsk op 1997 (20)}) (10. Re1 Nbd7 11. a4 bxa4 12. Nbd2 O-O 13. Rxa4
Nb6 14. Ra1 cxd4 15. Nb3 Nfd7 16. Bxe7 Qxe7 17. Nbxd4 {1/2-1/2 Sashikiran,
K-Sorokin,M/Sanghi Commonwealth-ch 2000/CA (17)}) 10... Bxf6 11. e5 Be7 12.
dxc5 Nd7 (12... Bxc5 13. Nc3 O-O 14. Be4 $36) 13. b4 $5 Bxf3 (13... Qc7 14.
Nbd2 Nxe5 15. Be4 $14) 14. Qxf3 Nxe5 15. Qe4 $1 Nxd3 (15... Bf6 $5 16. Nc3 (16.
Rd1 Nd7) 16... Nxd3 17. Rad1 O-O 18. Rxd3 Qc7 19. Rfd1 Rad8 20. Qe2 (20. Qf3
Bxc3 21. Rxc3 Qf4 $132) 20... Bxc3 21. Rxc3 Qe5 22. Re3 Qb2 $132) 16. Rd1 Qd5 (
16... Nxb4 $5 17. Rxd8+ Rxd8 18. Nc3 Bxc5 19. Rb1 Nd5 20. Rd1 O-O 21. Nxd5 exd5
22. Rxd5 Rxd5 23. Qxd5 Re8 $11) 17. Qxd5 exd5 18. Rxd3 Bf6 19. Nc3 O-O-O 20. a4
(20. Rad1 Bxc3 21. Rxc3 Rhe8 $11) 20... bxa4 21. Rxa4 Rhe8 22. Kf1 Bxc3 23.
Rxc3 Kb7 24. Ra5 1/2-1/2

[Event "RUS-ch 54th"]
[Site "Elista"]
[Date "2001.05.06"]
[Round "6"]
[White "Inarkiev, Ernesto"]
[Black "Karpatchev, Aleksandr"]
[Result "1-0"]
[WhiteElo "2469"]
[BlackElo "2404"]
[Annotator "Huzman,A"]
[PlyCount "69"]
[EventDate "2001.04.29"]
[EventType "swiss"]
[EventRounds "9"]
[EventCountry "RUS"]
[SourceTitle "CBM 083"]
[Source "ChessBase"]
[SourceDate "2001.07.05"]
[SourceVersion "1"]
[SourceVersionDate "2001.07.05"]
[SourceQuality "1"]

1. d4 d5 2. c4 dxc4 3. Nf3 Nf6 4. e3 e6 5. Bxc4 a6 6. O-O b5 7. Bb3 Bb7 8. a4
b4 9. Nbd2 c5 10. e4 cxd4 11. e5 Nfd7 12. Nc4 Nc5 (12... Nc6 13. Bg5 Qc7 14.
Rc1 Bc5 15. Re1 h6 16. Bh4 O-O 17. Qd3 Rfc8 18. Bg3 Nf8 19. Nfd2 $44 {0-1
Gershon,A-Svetushkin,D/Yerevan 1999/CBM 72 ext (68)}) 13. Bg5 (13. a5 Nc6 14.
Bg5 f6 15. exf6 gxf6 16. Nfe5 h5 17. Ba4 Rc8 18. Nb6 Bd6 19. Rc1 Nxa4 20. Nxc6
Rxc6 21. Qxa4 Qc7 22. Bd2 $44 {0-1 Roeder,M-Vilela,J/Havana 1999/CBM 70 ext 
(29)}) 13... f6 (13... Qc7 14. Nxd4 Nxb3 15. Nxb3 h6 {1/2-1/2 Tregubov,
P-Sherbakov,R/Krasnoiarsk 1998/EXT 2000 (15)}) 14. exf6 (14. Bf4 Nc6 15. Re1
Kf7 16. Rc1 Nxb3 17. Qxb3 Qd5 18. exf6 gxf6 19. Nd6+ Bxd6 20. Qxd5 exd5 21.
Bxd6 Rhe8 $15 {0-1 Pujos,S-Flear,G/Corsica 1997/EXT 99 (27)}) (14. Bh4 Nc6 (
14... g5 15. Nxd4 h5 16. Re1 Nxb3 17. Nd6+ Bxd6 18. Nxe6 Qb6 19. exd6 Nxa1 20.
d7+ Nxd7 21. Nc5+ Kf7 22. Qxd7+ Kg6 23. Qd3+ Kf7 24. Qd7+ Kg6 25. Qd3+ {
1/2-1/2 Hegde,R-Ganguly,S/Mumbai IND 2000/(25)}) 15. exf6 gxf6 16. Nfe5 h5 17.
Nxc6 Bxc6 18. Ne5 Be4 19. Re1 Be7 20. Rxe4 Nxe4 21. Qc2 fxe5 22. Qc6+ Kf8 23.
Bxe7+ {1-0 Roeder,M-Kraemer,M/Germany 1998/EXT 99 (23)}) 14... gxf6 15. Bf4 (
15. Nxd4 $1 {Is, probably, a refutation of this line} h5 (15... Qd5 $2 16. Nd6+
$1 Qxd6 17. Qh5+ Kd7 18. Bxf6 $40 {1-0 Gershon,A-Svetushkin,D/Yerevan 2000/CBM
78 ext/[Gershon] (25)}) 16. Nxe6 Qxd1 17. Raxd1 fxg5 18. Nxc5 Bxc5 19. Rfe1+
Kf8 20. Na5 Ra7 21. Rd8+ Kg7 22. Rxh8 Kxh8 23. Re8+ Kg7 24. Rxb8 $16 {0-1
Mittelman,G-Jonkman,H/Tel Aviv ISR 2001/ (70)}) (15. Bh4 Nc6 16. Re1 Be7 17.
Ba2 O-O 18. Ncd2 Kh8 19. Bxe6 Ne5 20. Bf5 Ned3 21. Nxd4 Qd5 22. N2f3 Nxe1 23.
Qxe1 $15 {0-1 Merino Garcia,R-Adla,D/Zaragoza op 1999/AdE (27)}) (15. Nfe5 h5
16. Bh4 (16. Ng6 Qd5 17. Nd6+ Qxd6 18. Nxh8 Nxb3 19. Qxh5+ Kd7 20. Bxf6 Nxa1 $1
$19 {Slipak,S-Spangenberg,H/Buenos Aires 1996/Inf 67/ (20)}) 16... Qd5 17. Nf3
Rg8 18. Bg3 Nxb3 19. Qxb3 Nd7 20. Rad1 e5 21. Rfe1 O-O-O 22. Qc2 Bc5 23. Na5
Ba8 24. Qd3 Kb8 25. Qxa6 Bb6 26. Nc4 Ba7 27. Ncd2 f5 28. Rc1 Bb7 29. Qf1 {
1-0 Gomez,F-Vilela,J/Havana-ch 2000 (29)}) 15... Nxb3 (15... Nc6 $5 16. Nfd2 h5
$13) (15... Rg8 16. Bg3 Nc6 17. Nfd2 $44) 16. Qxb3 Qd5 (16... e5 17. Rae1 Be7
18. Nfxe5 fxe5 19. Bxe5 $40 Qd5 20. f3 Rg8 21. Bf6 Nc6 22. Bxe7 Nxe7 23. Re5
Qd8 24. Qxb4 $16) 17. Rfe1 Kf7 (17... Nd7 18. Rad1 Bc5 (18... Nc5 19. Qxb4 Rg8
20. Bg3 $40)) 18. Rad1 Bc5 (18... Rg8 19. Bg3 Nc6 20. Qd3 $36 {[%cal Gd3h7,
Gc4b6]}) 19. Qc2 Nc6 20. Ne3 $1 Qh5 (20... dxe3 21. Bxe3 Nd4 22. Bxd4 Rag8 23.
Re3 $40) 21. Ng5+ $1 {[%mdl 64]} fxg5 22. Qxc5 Rhd8 (22... dxe3 23. Rd7+ Kg8
24. Bxe3 Rb8 25. Bd4 $18) (22... Rad8 23. Nc4 Rd5 24. Qb6 Ba8 25. Bg3 $16) 23.
Nc4 Qg4 24. Bc7 $1 (24. Bg3 $5 $16) 24... Rd7 (24... Kg8 25. f3 $16) 25. Qb6 $1
Rc8 (25... Ra7 26. f3 Qh5 27. Ne5+ Nxe5 28. Rxe5 $18) 26. Qxb7 Rcxc7 27. Qxc6
$1 $18 Rxc6 28. Ne5+ Ke7 29. Nxg4 Rc2 30. Ne5 Rd5 31. Nd3 a5 32. Rc1 Rxc1 33.
Rxc1 Kd6 34. g4 e5 35. f3 1-0

[Event "GER CupT final"]
[Site "Luebeck"]
[Date "2001.03.25"]
[Round "2.3"]
[White "Hansen, Lars Bo"]
[Black "Hansen, Curt"]
[Result "0-1"]
[WhiteElo "2570"]
[BlackElo "2619"]
[Annotator "Huzman,A"]
[PlyCount "136"]
[EventDate "2001.03.24"]
[EventType "team"]
[EventRounds "2"]
[EventCountry "GER"]
[SourceTitle "CBM 082"]
[Source "ChessBase"]
[SourceDate "2001.05.17"]
[SourceVersion "1"]
[SourceVersionDate "2001.05.17"]
[SourceQuality "1"]
[WhiteTeam "Luebeck"]
[BlackTeam "Porz"]
[WhiteTeamCountry "GER"]
[BlackTeamCountry "GER"]

1. d4 Nf6 2. Nf3 (2. c4 e6 3. Nc3 Bb4 4. e3 c5 5. Bd3 O-O 6. Nf3 d5 7. O-O cxd4
8. exd4 dxc4 9. Bxc4 a6 10. a4 Nc6 11. Bg5 h6 12. Bh4 Be7 13. Re1 Bd7 14. Qe2 (
14. Qd2 Na5 15. Ba2 b5 16. axb5 axb5 17. Bxf6 Bxf6 18. d5 Nc4 19. Bxc4 Rxa1 20.
Rxa1 bxc4 $15 {0-1 Petronijevic,Z-Djuric,S/Cetinje 1991/EXT 98 (36)}) 14... Re8
15. Rad1 Nd5 16. Bxd5 exd5 17. Bxe7 Nxe7 18. Ne5 f6 19. Nd3 Bf5 20. Nc5 Nc6 21.
Qxe8+ Qxe8 22. Rxe8+ Rxe8 23. f3 $16 {1/2-1/2 Babula,V-Atalik,S/Magdeburg GER
2000/(52)}) 2... e6 3. c4 d5 (3... c5 4. e3 d5 5. Nc3 cxd4 6. exd4 Bb4 (6...
Be7 7. Bd3 dxc4 8. Bxc4 O-O 9. O-O Nc6 10. Re1 a6 11. a4 Bd7 12. Bg5 h6 13. Bh4
Rc8 14. Bd3 Nb4 15. Bb1 Bc6 16. Ne5 Nfd5 17. Bxe7 Qxe7 18. Ne4 Nf6 19. Nc5 Rfd8
$15 {0-1 Boyle,C-Kilpatrick,R/SCCA Candidates 1983 (34)}) 7. Bd3 dxc4 8. Bxc4
O-O 9. O-O a6 10. a4 Nc6 11. Bg5 h6 12. Bh4 Be7 13. Re1 Bd7 14. Bg3 Nb4 15. Ne5
Be8 16. Bb3 Rc8 17. Qf3 Bc6 18. Nxc6 bxc6 19. Red1 a5 $11 {1/2-1/2 Pinter,
J-Psakhis,L/Las Palmas (izt) 1982/Inf 35 (50)}) 4. Nc3 dxc4 5. e3 a6 6. a4 c5
7. Bxc4 cxd4 8. exd4 Nc6 9. O-O Be7 10. Re1 O-O 11. Bg5 h6 12. Bh4 Bd7 13. Bb3
(13. Qe2 Nh5 (13... Nd5 14. Bxe7 Nxc3 15. bxc3 Nxe7 16. Ne5 Nd5 17. Qf3 Be8 18.
Reb1 b5 19. axb5 axb5 20. Bxd5 exd5 21. Nd3 Rc8 22. Nb4 $16 {1-0 Ivkov,
B-Pilnik,H/Mar del Plata 1955/MCD (42)}) 14. Bxe7 Nxe7 15. Ne5 Nf6 16. Rad1
Ned5 17. Bxd5 Nxd5 18. Nxd5 exd5 $14 {1/2-1/2 Gamundi,A-Kharlov,A/Ubeda 1997/
CBM 56 ext (41)}) 13... Rc8 14. Ne5 Be8 15. Nxc6 Bxc6 16. Qd3 Nd5 (16... Bd5
17. Nxd5 Nxd5 18. Bxd5 Bxh4 19. Bxb7 Rb8 20. Bxa6 Rxb2 21. g3 Bf6 22. Rad1 Qb6
23. Qc3 Rd8 24. a5 Qb8 25. Bf1 Rb4 $14 {1/2-1/2 Martinez,M-Sulava,N/Toscolano
Maderno 1997 (39)}) 17. Bxd5 (17. Bc2 g6 18. Bxe7 Qxe7 19. Nxd5 Bxd5 $15) (17.
Bxe7 Nxe7 18. Rad1 Qd6 $15) 17... Bxh4 18. Be4 (18. Bxc6 Rxc6 19. Rad1 (19. d5
Rd6 20. Rad1 Bf6 $17) 19... Qb6 20. Re2 Rd8 $15) 18... Bf6 19. Red1 (19. Rad1
Qb6 20. Bxc6 Rxc6 21. d5 Bxc3 (21... Rd8 22. Qf3 Bxc3 23. bxc3 exd5 24. Rxd5
Rxd5 25. Qxd5 Rxc3 $17) 22. bxc3 exd5 23. Qxd5 Rxc3 $17) 19... Bxe4 (19... Qb6
20. a5 Qxb2 $140 21. Bh7+ Kh8 22. Rdb1 $16) 20. Nxe4 Be7 21. Qb3 (21. d5 exd5
22. Qxd5 Qxd5 23. Rxd5 Rfd8 24. Rxd8+ Rxd8 $15 {[%cal Yd8d4]}) 21... Qd5 22.
Qxd5 exd5 23. Ng3 (23. Nc3 Rfd8 $15 {[%csl Ra4,Rd4][%cal Ye7f6,Yc8c4,Yc4d4,
Yf6d4]}) 23... Rc2 24. Nf5 Bg5 $5 (24... Bf6 25. Ne3 Rxb2 26. Nxd5 Bh4 27. g3
Rd8 28. Ne3 Bg5 $15) 25. h4 Bf6 26. Rab1 {[%cal Gf5e3]} (26. b4 Rc4 27. Rab1
Rd8 $17) 26... Rc4 27. b3 Rb4 28. Ne3 $1 Rd8 29. Nc2 Rb6 30. g3 h5 $1 $15 {
[%mdl 4096] Great move!Black are fixing Whitee`s pawns and  would exploit
their weakness later on} 31. Rd3 g6 32. Kf1 Bg7 33. Rc3 Bf8 34. Re1 Bd6 35. Rc1
Kf8 36. Re1 Rc6 $1 37. Rxc6 bxc6 {[%csl Rb3,Rc6]} 38. Re3 a5 39. Rc3 Rc8 40.
Ne1 Ke7 41. Nf3 (41. Nd3 $11) 41... Kd7 42. Ke2 f6 43. Re3 Rb8 44. Rc3 Rb6 45.
Re3 Rb4 {[%cal Yc6c5]} (45... c5 $5 46. Rc3 cxd4 47. Nxd4 Be5 48. Rd3 Bxd4 (
48... Kd6 49. Nb5+ $11) 49. Rxd4 Kd6 50. Rd3 Rb4 $15) 46. Rd3 Ke6 47. Rc3 Rb6 {
[%cal Ye6f5,Yg6g5]} 48. Ne1 g5 $1 49. Re3+ Kf7 50. Nf3 g4 51. Ne1 f5 {[%cal
Yf5f4]} 52. Ng2 Kf6 53. Rc3 f4 $1 54. gxf4 Kf5 55. Re3 Rb8 56. Rc3 Bxf4 57.
Rxc6 Rxb3 58. Rc5 Rb2+ 59. Kf1 (59. Kd3 Rd2+ 60. Kc3 Rxf2 61. Rxd5+ Ke4 62.
Nxf4 Kxf4 63. Rxh5 (63. Rxa5 g3 64. Rg5 Rh2 65. Rg8 Rxh4 66. a5 Rh1 $19) 63...
g3 64. Rg5 g2 65. Kc4 Kf3 66. Kb5 Rf1 67. Kxa5 g1=Q 68. Rxg1 Rxg1 69. Kb6 Rb1+
70. Kc6 Ra1 71. Kb5 Ke4 72. a5 Kd5 73. Kb6 Kd6 74. a6 Rb1+ $19) 59... g3 $1 60.
Rxd5+ $2 ({It looks like White could still save this game by} 60. fxg3 Bxg3 61.
Rxd5+ Kg4 62. Rg5+ (62. Rxa5 Rf2+ 63. Kg1 Kh3 64. Ne3 Rf3 $19) 62... Kh3 63.
Ne3 Rf2+ (63... Bf4 64. Rf5) 64. Ke1 (64. Kg1 Re2 65. Nf1 Bf2+ 66. Kh1 Re1 $19)
64... Ra2+ (64... Kxh4 65. Rc5 Ra2+ 66. Kf1 Rxa4 67. Nf5+ $11) 65. Kf1 Bf4 66.
Rf5 Bxe3 67. Rf3+ Kxh4 68. Rxe3 Rxa4 69. Rd3 $11) (60. f3 Rf2+ 61. Kg1 Rxf3 62.
Rxd5+ Kg4 63. Rxa5 Be3+ 64. Nxe3+ Rxe3 $17) 60... Kg4 61. Nxf4 (61. fxg3 $142
Bxg3 62. Rxa5 Rf2+ 63. Kg1 Kh3 64. Rxh5 Rxg2+ 65. Kf1 Rf2+ 66. Kg1 Rf3 $19)
61... Rxf2+ 62. Kg1 Rxf4 $19 63. Kg2 Rf2+ 64. Kg1 Rd2 65. Rxa5 Kh3 66. Rf5 Rd1+
67. Rf1 Rxf1+ 68. Kxf1 Kh2 0-1

[Event "Enghien les Bains 4th"]
[Site "Enghien les Bains"]
[Date "2001.04.12"]
[Round "2"]
[White "Bauer, Christian"]
[Black "Lautier, Joel"]
[Result "1/2-1/2"]
[WhiteElo "2612"]
[BlackElo "2658"]
[Annotator "Huzman,A"]
[PlyCount "61"]
[EventDate "2001.04.11"]
[EventType "tourn"]
[EventRounds "9"]
[EventCountry "FRA"]
[EventCategory "17"]
[SourceTitle "CBM 083"]
[Source "ChessBase"]
[SourceDate "2001.07.05"]
[SourceVersion "1"]
[SourceVersionDate "2001.07.05"]
[SourceQuality "1"]

1. d4 Nf6 2. c4 e6 3. Nf3 d5 4. e3 c5 5. Nc3 dxc4 6. Bxc4 a6 7. a3 b5 8. Ba2
Bb7 9. O-O Nbd7 10. Qe2 Bd6 (10... Qc7 11. e4 cxd4 12. Nxd4 Bc5 13. Nf3 O-O 14.
Bg5 h6 15. Bh4 Bxa3 16. Rac1 Bc5 17. Bg3 Qb6 $17 {0-1 Lacko,P-Akesson,R/
Stockholm 1990/EXT 97 (41)}) 11. Rd1 (11. e4 cxd4 12. Nxd4 Be5 (12... O-O 13.
f3 Qb8 14. g3 Bc5 15. Be3 Qa7 16. Rfd1 Rfd8 17. Rd2 Ne5 18. Rad1 Rd7 19. Kg2
Rad8 20. Nxe6 Rxd2 21. Rxd2 Rxd2 22. Qxd2 fxe6 23. Qd8+ Kf7 24. Qc7+ Nfd7 25.
Bxc5 Qxc5 26. Qxb7 Qe3 $11 {1/2-1/2 Poluljahov,A-Yuneev,A/St.Petersburg 1994/
CBM 41 (30)}) 13. Rd1 Qb8 14. g3 O-O 15. Be3 Nxe4 16. Nxe4 Bxe4 17. Nxe6 fxe6
18. Bxe6+ Kh8 19. Rxd7 Bf3 20. Qc2 Qe8 21. Qb3 $16 {1-0 Wojtkiewicz,
A-Nikolaidis,I/Katerini 1993/TD (29)}) 11... Qc7 12. d5 $6 {Generally this
idea is wrong and this position is not an exception.Game is getting
transported in Meran-type position in very favourable sircumstances for Black}
(12. dxc5 Nxc5 13. b4 Ncd7 14. Bb2 Rc8 15. Rac1 Qb8 16. e4 O-O 17. g3 Nb6 18.
Qe3 (18. Nd2 Rfd8 19. f4 e5 20. f5 $11 {1/2-1/2 Peto,P-Buijsman,J/IECG email
1999/E-Mail 2000 (62)}) 18... Nc4 19. Bxc4 Rxc4 20. Nd2 Rcc8 21. Nb3 Ng4 22.
Qe2 Ne5 $15 {1/2-1/2 Piskov,Y-Rublevsky,S/Helsinki 1992/CBM 32 (35)}) (12. h3
O-O 13. e4 (13. dxc5 Nxc5 14. b4 Nce4 15. Nxe4 Nxe4 16. Bb2 Nc3 17. Bxc3 Qxc3
18. Qd3 Qxd3 {1/2-1/2 Bellon Lopez,J-Borges Mateos,J/Mislata op 2000/Ajelibre 
(18)}) 13... cxd4 14. Nxd4 Nc5 15. Be3 Ncxe4 16. Nxe4 Bxe4 17. Bg5 Bh2+ 18. Kh1
Qe5 19. Bxf6 gxf6 20. Nf3 Bxf3 21. Qxf3 Bf4 22. Re1 Qc7 $15 {0-1 Kozul,Z-Varga,
Z/Medulin 1997/EXT 99 (32)}) 12... c4 (12... exd5 13. Nxd5 Nxd5 14. Bxd5 Bxd5
15. Rxd5 Nf6 16. Rd1 O-O 17. a4 c4 $15 {0-1 Staller,P-Schlamp,R/Germany 1998/
EXT 99 (41)}) 13. e4 O-O 14. Bg5 exd5 15. exd5 Rfe8 16. Qc2 Ng4 {[%cal Yg4e5,
Ye5d3]} (16... h6 17. Bh4 Ne5 18. Bxf6 Nxf3+ 19. gxf3 gxf6 20. Bb1) 17. h3 Nge5
18. Nd4 Nc5 $17 (18... Nd3 $5 19. b3 $132 Nb6 $1 20. bxc4 bxc4 21. Bxc4 Nxf2
$17) 19. b3 cxb3 (19... Ncd3 $5 20. bxc4 bxc4 $36) 20. Bxb3 Rac8 21. Ne4 Qd7 (
21... Nxe4 22. Qxe4 Nc4 (22... Nc6 23. Qxe8+ (23. Ne6 Na5 $1 $19) 23... Rxe8
24. dxc6 Bc8 25. a4 b4 26. Rac1 $44) 23. Qg4 Bh2+ 24. Kh1 Be5 $17) 22. Nxd6
Qxd6 23. Nf5 Qd7 24. Ne3 h6 (24... Ng6 $5 {[%csl Rg5][%cal Yh7h6,Ye8e5,Ye5g5,
Yh6g5]} 25. h4 (25. Ng4 Ne4 $19) 25... h6 26. h5 Ne4 27. Qb2 Nxg5 28. hxg6 fxg6
$17 29. d6+ Kh7 30. Rac1 Rxc1 31. Qxc1 Bxg2 $1 $19) 25. Bh4 Ng6 26. Bg3 Ne4 27.
Qe2 Nc3 28. Qd3 Nxd1 29. Rxd1 $44 {/-/+} Rc5 30. d6 Rec8 $4 {[%mdl 8192] Black
just blundered a piece,but White immidiately offered a draw,as they reportedly
were very short of time.} (30... Be4 31. Qd4 Rcc8 32. a4 (32. Bd5 Bxd5 33. Nxd5
Rc4 34. Qd3)) (30... Nf8 $5 $17) 31. Qxg6 $16 1/2-1/2

[Event "RUS-ch 54th"]
[Site "Elista"]
[Date "2001.05.06"]
[Round "6"]
[White "Aseev, Konstantin N"]
[Black "Vaulin, Alexander"]
[Result "1-0"]
[WhiteElo "2577"]
[BlackElo "2540"]
[Annotator "Huzman,A"]
[PlyCount "157"]
[EventDate "2001.04.29"]
[EventType "swiss"]
[EventRounds "9"]
[EventCountry "RUS"]
[SourceTitle "CBM 083"]
[Source "ChessBase"]
[SourceDate "2001.07.05"]
[SourceVersion "1"]
[SourceVersionDate "2001.07.05"]
[SourceQuality "1"]

1. d4 d5 2. c4 dxc4 3. Nf3 e6 4. e3 c5 5. Bxc4 Nf6 6. O-O a6 7. a4 Nc6 8. Qe2
cxd4 9. Rd1 Be7 10. exd4 O-O 11. Nc3 Nd5 12. Bb3 (12. Qe4 Ncb4 13. Ne5 Qd6 14.
Qg4 f5 15. Qe2 b6 16. Bxd5 $1 Nxd5 17. Nc4 Nxc3 18. bxc3 Qc7 19. Ba3 $14 {
Marin,M-Garcia Palermo,C Andorra 1991/}) (12. Bd3 Ncb4 13. Bb1 b6 14. Ne5 Bb7
15. Ne4 Rc8 16. Ra3 f5 17. Ng3 Rxc1 $1 18. Rxc1 Nf4 19. Qc4 Bxg2 20. f3 b5 $1
$17 {Naumkin,I- Sadler,M London 1991/}) 12... Ncb4 (12... Re8 {was tried in
Kramnik -Kasparov match in London.}) 13. Ne5 Bd7 14. Nxd5 (14. Qg4 Nf6 15. Qg3
Bc6 (15... Kh8 16. d5 exd5 17. Nxd5 Nbxd5 18. Bxd5 Be6 19. Bh6 gxh6 20. Bxe6
Qe8 21. Bb3 Ne4 22. Qf3 Ng5 23. Qf5 Rd8 24. h4 Ne6 25. Bc2 {1-0 Rogozenko,
D-Vaulin,A/Pardubice 1997/CBM 59 ext (25)}) 16. Bh6 Ne8 17. Nxc6 bxc6 18. Bf4 {
1/2-1/2 De Groot,A-Bratholm,P/ICCF EM/TT/D/03 1997/74 telechess (38)} (18. Ne4
$14)) (14. Bd2 Bc6 15. Rac1 a5 16. Ne4 Qe8 (16... Rc8 17. Nc5 Qd6 18. Nc4 Qd8
19. Nxa5 Qxa5 20. Bxd5 Bxd5 21. Qe1 Bxc5 22. dxc5 Qxa4 23. Bxb4 Qc6 24. f3 Ra8
25. Qe3 f6 {1/2-1/2 Gruenberg,R-Bischoff,K/BL8485 1985/GER-chT (25)}) 17. Bxb4
Nxb4 18. Nxc6 bxc6 19. Rc4 Qb8 20. g3 Rd8 21. Nc5 Bxc5 22. Rxc5 Na6 23. Rc3 Qb6
24. Qc4 Rd6 $11 {0-1 Haba,P-Voloshin,L/CZE 1997/EXT 98 (52)}) (14. h3 $5 Be8
15. Qf3 Rc8 16. Bd2 Nxc3 17. bxc3 Nc6 18. Bf4 Bd6 19. Qg3 $14 {Vyzmanavin,
A-Ehlvest,J Tilburg 1992/}) (14. Qf3 Be8 15. Qh3 Rc8 16. Bd2 Qd6 17. Nxd5 Nxd5
18. Bxd5 exd5 19. Qxc8 Bxa4 20. Qc3 {1-0 Hansen,C-Sorensen,T/Hinnerup 1979/EXT
98 (20)}) 14... exd5 ({More ambitious was} 14... Nxd5 15. Rd3 Bc6 (15... Rc8
16. Bd2 Bc6 17. Re1 Bf6 18. Ng4 Bg5 19. Ne5 Bxd2 20. Qxd2 Nf6 21. Rc1 Bd5 $11 {
1/2-1/2 Hort,V-Chandler,M/Biel 1987/CBM 03 (33)}) 16. Rg3 $6 Bf6 17. Bc2 g6 $8
18. Bh6 Re8 19. Re1 Qb6 20. Rg4 Ne7 21. h4 Nf5 22. Bg5 Bg7 23. h5 Qxb2 $17 {
1-0 Magerramov,E-Raetsky,A/Rostov 1993/CBM 36/ (40)}) 15. Qf3 Be6 16. Bd2 $14 {
[%csl Rd5][%mdl 36] White have small,but long-lasting advantage.} (16. Bf4 Re8
(16... f6 17. Nd3 Nxd3 18. Rxd3 Rc8 19. Re3 Bf7 20. h4 Bb4) 17. Rac1 Qb6) 16...
Nc6 (16... Rc8 17. Bc3) 17. Bc3 Rc8 18. a5 (18. Nd3 Bd6 19. Nf4 Qh4 20. g3 Qf6)
18... Qd6 (18... Rc7 19. g3 Qd6 20. Nd3 Qd7 21. Re1 $36) 19. Nd3 Qd7 20. h3 Bd6
21. Rd2 $1 {[%mdl 32]} (21. Nf4 Bxf4 22. Qxf4 Bf5 $11) 21... Rfd8 22. Bc2 $1 {
[%cal Gb1h7][%mdl 32]} g6 (22... Qc7 23. Re2 $36 {[%cal Ga1e1,Ge1e6]}) 23. Nf4
Bxf4 24. Qxf4 Re8 25. f3 Qc7 26. Qxc7 Rxc7 27. g4 $1 $14 {Black are doomed to
passive defence and Aseev demonstrates exellent technique. /+/-} f6 28. Re1
Rce7 29. Kf2 Bf7 30. Rxe7 Rxe7 31. h4 Kg7 32. Bb3 h5 $6 {Now pawn on h5 is
becoming a permanent weakness.} 33. gxh5 gxh5 {[%csl Rh5]} 34. Rd1 Rd7 35. Rg1+
Bg6 36. Ba4 Rc7 37. Bb3 Rd7 38. Ke3 Kf7 39. Kf4 Ne7 40. Bb4 Nc6 41. Ba4 Bd3 42.
Bc5 Rc7 43. Rd1 Bh7 44. Re1 Bg6 45. Re3 Bb1 46. b4 {[%mdl 4096]} Bg6 47. Kg3
Ne7 $2 {[%tqu "En","Should White take an opportunity and transpose to Bishop
ending?","","","c5e7","",10]} 48. Bxe7 $1 Rxe7 49. Rxe7+ Kxe7 50. b5 $1 {
[%mdl 4096]} axb5 (50... Be8 51. bxa6 bxa6 52. Bxe8 Kxe8 53. Kf4 Ke7 54. Kf5
Kf7 55. f4 $18) 51. Bxb5 $16 {[%csl Rb7,Rd5,Rh5]} Kd6 52. Kf4 {[%cal Gf4b5]}
Kc7 53. Ba4 Kd6 (53... b6 54. a6 Bd3 55. a7 Kb7 56. Bc6+ Kxa7 57. Bxd5 b5 58.
Bf7 b4 59. Ke3 Bh7 60. Kd2 $16) 54. Ke3 Kc7 55. Kd2 Kd6 56. Kc3 Bf7 (56... Kc7
57. Kb4 Kd6 58. Bb5 Bf7 59. Be2 Be8 60. Bd3 $22 $18) 57. Bc2 (57. Kb4 Bg6 58.
Bb5 Bf7 59. Bd3 Kc6 60. f4 Be6 61. f5 Bc8 62. Ka4 $1 b6 63. a6 Kc7 64. a7 Bb7 (
64... Kb7 65. Ba6+ $18)) 57... Kc7 58. Kb4 b6 (58... Kc6 59. Bd3 $22 b6 60. a6)
59. a6 Kb8 (59... Be8 $1 60. Ba4 (60. Bb3 Bf7) 60... Bg6 (60... Bxa4 61. Kxa4
Kb8 62. Kb5 Ka7 63. f4 f5 64. Kc6 Kxa6 65. Kxd5 Kb7 66. Kd6 $18) 61. Bd7 Kb8
62. Kb5 (62. Be6 Ka7 63. Bxd5 Kxa6 64. Bc6 Ka7 65. d5 Kb8 66. d6 Bd3 67. Kc3
Be2 68. Kd4 Bd1) 62... Kc7 (62... Ka7 63. Kc6 Kxa6 64. Kxd5 Bf7+ 65. Kd6 b5 66.
Kc5 $18) 63. a7 Bd3+ 64. Kb4 Kb7 65. Be8 Kxa7 66. Bxh5 Kb7 67. Bf7 Kc6 68. h5
Kd6 69. Bg6 $18) 60. Kb5 Ka7 (60... Kc7 61. a7 Kb7 62. a8=Q+ Kxa8 63. Kxb6 $18)
61. Kc6 $1 {[%mdl 4096]} Kxa6 62. Kd7 (62. Bh7 $1 Be6 (62... b5 63. Kd7 b4 64.
Ke7 $18) 63. Kd6 Bc8 64. Bg8 $16) 62... Kb5 63. Ke7 (63. Bh7 $1 Kc4 64. Ke7
Kxd4 65. Kxf7 Ke5 66. Kg6 Kf4 67. Kxh5 d4 68. Bb1 Kg3 69. f4 b5 70. f5 b4 71.
Kg6 $18) 63... Bg8 64. Kxf6 (64. Bf5 Kc4 65. Kf8 Kxd4 66. Kxg8 Ke3 67. Kf7 Kxf3
68. Kxf6 Kf4 69. Kg6 b5 $11) 64... Kc4 65. Ke5 b5 $2 (65... Bf7 $142 66. Bd1 $1
Kd3 (66... b5 67. Be2+ Kb4 68. f4 Ka4 69. f5 b4 70. Kf6 Be8 71. Ke7 $18) (66...
Kc3 67. f4 b5 68. f5 b4 69. Kf6 Kd2 70. Bb3 (70. Ba4 Be8 $1 71. Bxe8 b3 72. Kg7
b2 73. f6 b1=Q 74. f7 (74. Bg6 Qg1 75. f7 Qxd4+ 76. Kg8 Qf6 77. Bxh5 Qxh4 78.
Bg6 Qf6 $17) 74... Qg1+ 75. Kh7 Qf2 76. Kg8 Qg3+ 77. Kh7 $11) 70... Kc3 71.
Kxf7 Kxb3 72. f6 Kc4 73. Kg7 b3 74. f7 b2 75. f8=Q b1=Q 76. Qc5+ Kd3 77. Qxd5
$16) 67. f4 b5 68. f5 b4 69. Kf6 Be8 (69... Bg8 70. Kg7 Kxd4 71. Kxg8 Ke5 72.
Bc2 b3 73. Bb1 $18) 70. Ke7 Kxd4 71. Kxe8 Ke5 72. Bc2 b3 73. Bb1 Kf6 74. Kd7
$18) 66. Bg6 $18 b4 67. Bxh5 b3 (67... Bh7 68. Bf7 $18) 68. Bg6 b2 69. Bb1 Bf7
70. f4 Kc3 71. f5 Kd2 72. f6 Ke3 (72... Kc1 73. Bf5 b1=Q 74. Bxb1 Kxb1 75. Kd6
$18) 73. h5 Bxh5 74. Kxd5 Bf7+ (74... Kf4 75. Ke6 $18) 75. Ke5 Bc4 76. d5 Bd3
77. f7 $1 Bxb1 78. f8=Q Bc2 (78... Bd3 79. Qf4+ Ke2 80. Qh2+ $18) (78... Kd2
79. Qb4+ Kc2 80. Qa3 $18 {[%cal Gd5d8]}) 79. Qa3+ 1-0